00350nam a2200145Ia 4500008004000000041000800040082001100048100002200059245003300081260004500114650000700159650001200166650001300178650001300191210210b1944 xxu||||| |||| 00| 0 eng d aeng a513/57 aFRANKLIN (Philip) aMethods of advanced calculus aNew YorkbMcGraw Hill Book Companyc1944 aof aMethods acalculus aadvanced